Bienvenue à la Médiathèque de Saint-Andiol
banniere
Accueil Recherche avancée Mon compte
handi1 Rechercher dans le catalogue

Filtre   Mots-clés
  Recherche avancée
 
Lister les dernières nouveautés
 
Lister les livres GROS CARACTERES
 
Lister les périodiques (magazines)

handi1 Mariage d'automne

Book Cover
Auteur principal : Marie Gaston
Titre : Mariage d'automne
Support : Livres à gros caractères
Langue : Francais
Publié : DL 2021 La Loupe Paris
Genre : Roman
Collection : Terroir
Sujets :
Étiquettes :
Pas de tags
LEADER 01384nam0a2200217 450
001 16867893
010 |a 978-2-38299-030-8  |b br.  |d 22 € 
100 |a 20260320d2026 u u0frey01 ba 
101 0 |a fre 
102 |a FR 
200 0 |a Mariage d'automne  |f Marie Gaston 
205 |a [Ed.] en gros caractères 
207 1 |a   
210 |a Paris  |c La Loupe  |d DL 2021 
215 |a 1 vol. (336 p.)  |d 22 cm 
225 1 |a Terroir 
330 |a Au tournant de la cinquantaine, Antoine Sognat, fortune faite dans la capitale, décide de regagner sa province natale. Issu d’une fratrie de treize enfants, ce fils d’agriculteurs porte en lui un obsédant regret et rentre au pays, à l’automne de la vie, le cœur vide. Mais ce qu’il ignore encore, c’est que, parfois, les saisons n’en font qu’à leur tête. L’improbable rencontre avec Marie, l’institutrice, fait d’autant plus jaser qu’elle se conclut par un mariage et par la naissance, au fil des années, de quatre enfants. Mais à l’âge d’être grand-père et nourri par un solide optimisme et une infatigable énergie, le «rentier», que son amour pour Marie a régénéré, est bien décidé maintenant à repousser l’âge de toutes les retraites. 
700 0 |a Gaston  |b Marie  |f 1946-....  |4 70 
900 |a Roman 
901 |a Adultes 
995 |a Médiathèque  |c Médiathèque  |f 089021796  |h 089021796  |k R GAS LV  |o p  |q a  |r ag  |e Médiathèque